Bison Knowledge - true or false - Statistics

General Stats
  • This quiz has been taken 13 times
  • The average score is 6 of 10
Answer Stats
Question Answer % Correct
At their fastest, Bison can run 25 miles per hour. False
100%
Bison cannot swim. False
100%
Bison die of pneumonia. True
100%
Bison's tails stop growing. False
67%
The average Bison weighs 2,500 pounds. False
67%
Bison have hollow horns. True
67%
At their lowest levels, there were only 541 Bison left in America. True
33%
A Bison has won a horse in a race. True
33%
Bison eat 1.6 percent of their body weight in grass. True
33%
Bison are the largest land animal in the United States. True
0%
No matching quizzes found
Score Distribution
Percent of People with Each Score
Percentile by Number Answered
Your Score History
You have not taken this quiz